What states have 8-12 seats in the House of Representatives? - Statistics

General Stats
  • This quiz has been taken 32 times
  • The average score is 8 of 11
Answer Stats
Number Answer % Correct
12 New Jersey
89%
9 Massachusetts
85%
10 Washington
85%
9 Indiana
81%
8 Minnesota
78%
9 Arizona
74%
9 Tennessee
74%
11 Virginia
74%
8 Wisconsin
70%
8 Missouri
56%
8 Maryland
52%
No matching quizzes found
Score Distribution
Percent of People with Each Score
Percentile by Number Answered
Your Score History
You have not taken this quiz